Piccolo Amore

Uloženo v:
Podrobná bibliografie
Hlavní autor: Psola Facciola'
Médium: Kniha
Jazyk:neznámý jazyk
Vydáno: Il Cigno Edizioni
Tagy: Přidat tag
Žádné tagy, Buďte první, kdo vytvoří štítek k tomuto záznamu!

MARC

LEADER 00000nam a2200000Ia 4500
001 R-1526
003 CODICE-MESSINA
005 20260212102508.0
008 260211s9999 xx 000 0 und d
040 |c importazione_messina 
100 |a Psola Facciola' 
245 0 |a Piccolo Amore 
260 |b Il Cigno Edizioni 
942 |2 ddc  |c BK 
952 |0 0  |1 0  |2 ddc  |4 0  |6 SCAFFALE_14_000000000000000__ARTE  |7 0  |9 32364  |a ME  |b ME  |d 2026-02-11  |l 0  |o SCAFFALE 14 - ARTE  |p R-1526  |r 2026-02-11 23:53:08  |w 2026-02-11  |x [REVISIONARE]  |y BK 
999 |c 28031  |d 28031